| 000 | 00427nam a2200181Ia 4500 | ||
|---|---|---|---|
| 005 | 20250603145643.0 | ||
| 008 | 250603s9999 xx 000 0 und d | ||
| 020 | _a9781951541989 | ||
| 050 | _aZ 679 .L48/ | ||
| 100 | _aLehmann, Steffen | ||
| 245 | 0 | _aReimagining the Library of the Future | |
| 260 | _aCalifornia | ||
| 260 | _bORO Editions | ||
| 260 | _c2023 | ||
| 300 | _a354 p | ||
| 650 | _aCalifornia | ||
| 942 | _cBK | ||
| 999 |
_c42466 _d42466 |
||